La Granja II: Centre Cívic i Arxiu Municipal : models de gestió i estimació de costos de funcionament models de gestió i estimació de costos de funcionament

Publicat: Barcelona : Diputació de Barcelona , 2023
Descripció física: 52 pàgines : taules, gràfics ; 30 cm
Idioma: Català

MARC

LEADER 00000nam a2200000 a 4500
001 29306
003 AGDB
005 20260324181546.0
008 260202b spa||||| |||| 00| 0 cat d
040 |a agdb  |b cat 
041 |a cat 
245 |a La Granja II: Centre Cívic i Arxiu Municipal :   |b models de gestió i estimació de costos de funcionament 
260 |a Barcelona :  |b Diputació de Barcelona,  |c 2023 
300 |a 52 pàgines :  |b taules, gràfics ;  |c 30 cm 
504 |a Bibliografia: pàgina 42 
650 0 |a Equipaments culturals  |z Sitges (Catalunya)  |v Projectes  |9 72998 
710 1 |a Barcelona (Catalunya : Província).  |b Àrea de Cultura  |9 53536 
710 1 |a Sitges (Catalunya).   |b Ajuntament  |9 52795 
942 |2 udc  |c ARXIU  |n 1 
952 |0 0  |1 0  |2 udc  |4 0  |6 BIB1433  |7 1  |9 99046  |a Arxiu  |b Arxiu  |d 2026-02-02  |l 0  |o Bib-1433  |p 29306  |r 2026-02-02 12:51:27  |w 2026-02-02  |y ARXIU 
999 |c 130702  |d 130702